00926nam a2200217 a 450000100100000000500170001000800410002702000150006804000250008324501890010826000700029730000270036749000350039470000360042970000420046570000280050783000420053504900090057795201050058699900170069100002634020200930024518.0110314s1986 000 spa d a8489525226 aDO-SdBNPbspacBNPHU00aÍndice analítico de archivos dominicanos de pediatría 1965-1984 /ccompilado por Manuel de Jesús Roa Santana y Lucero Arboleda de Roa ; con la colaboración de Chabela Peña. aSanto Domingo :bInstituto Tecnológico de Santo Domingo,c1986. aviii, 161 p. ;c23 cm.1 aSerie bibliográfica ;vno. 512aArboleda de Roa, Lucero.93131012aRoa Santana, Manuel de Jesús93130912aPeña, Chabela.953370 0aSerie bibliográfica ;vno. 5953371 aBNPD 001050718MOaPDbPDcHDd2011-03-14iLF1l0o p26340-10r2020-06-25w2020-06-25y1ZNo se presta c25832d25832